000 00304nam a2200121Ia 4500
005 20251222144813.0
008 251222s9999||||xx |||||||||||||| ||spa||
082 _a352.283.85/R36/Ej.2
100 _aReilly, Thomás K.
245 0 _aProceso de Descentralización 2008:
264 _bUSAID
942 _cLIB
999 _c20197
_d20197